A "nemzeti" gótikáról A középkorban a vallás, a rang, a betöltött pozíció volt a lényeg, nem pedig az, hogy ki milyen nyelvü

Bibliographic Details
Main Author: Vesztróczy, Zsolt, 1966- (Author)
Format: Article
Language:Hungarian
Slovak
Subjects:

MARC

LEADER 00000nab a2200000 a 4500
001 vtls001019482
003 SK-MaSNL
005 20260319073826.0
008 040720e19970820xo 0 hun
035 |a SN5407 
040 |a SNSK  |b slo  |c SNSK  |e AACR2 
041 0 |a slo 
044 |a xo  |c SK 
080 |a 725.94  |2 1981 
100 1 |a Vesztróczy, Zsolt,  |d 1966-  |4 aut  |9 836126 
245 1 0 |a A "nemzeti" gótikáról  |b A középkorban a vallás, a rang, a betöltött pozíció volt a lényeg, nem pedig az, hogy ki milyen nyelvü 
590 |a Majster Pavol z Levoče (1470-1540)  |b reg. slov.umelecký rezbár 1470-1540 
600 0 7 |a Pavol z Levoče,  |d činný 15.-16. storočie  |2 SNSK  |9 185330 
650 0 7 |a pamätné tabule  |2 SNSK  |9 29445 
650 0 7 |a úvahy  |2 SNSK  |9 103754 
651 7 |a Levoča (Slovensko)  |2 SNSK  |9 26696 
651 7 |a SN,  |2 SNSK  |9 1021277 
655 7 |a periodikum  |2 snkbucl  |9 29553 
773 0 8 |t Új Szó  |g Roč. 50, č.192, 20.8.1997, s. 6 
852 |a ZVYKNI  |b KIS3GCP 
999 |c 1676130  |d 1678060